000 00304nam a2200109Ia 4500
005 20251222114400.0
008 251222s1900||||xx |||||||||||||| ||spa||
082 _aDVD0092/S25S/2006
245 0 _aLa Santísima Virgen de Cocharcas.
264 _bCastillejo, Christian Salas Delgado, Raúl
942 _cDVD
999 _c1594
_d1594